000 01723cam a22003858a 4500
001 14833883
005 20071029103502.0
008 070502s2007 enk b 001 0 eng
010 _a 2007018598
020 _a9781405145978 (pbk. : alk. paper)
020 _a1405145978 (pbk. : alk. paper)
035 _a(DNLM)101306158
040 _aDNLM/DLC
_cDLC
_dDLC
042 _apcc
050 0 0 _aRT42
_b.E93 2007
060 1 0 _aWY 100
_bE93 2007
082 0 0 _a610.73
_222
_bEVI
245 0 0 _aEvidence-based nursing :
_ban introduction /
_ceditors, Nicky Cullum ... [et al.].
260 _aOxford, UK ;
_aMalden, MA, USA :
_bBlackwell Pub.,
_c2007.
263 _a0712
300 _a312 p ;
_c20 cm.
504 _aIncludes bibliographical references and index.
650 0 _aEvidence-based nursing.
650 1 2 _aNursing Process.
650 2 2 _aEvaluation Studies.
650 2 2 _aEvidence-Based Medicine.
700 1 _aCullum, Nicky.
856 4 1 _3Table of contents only
_uhttp://www.loc.gov/catdir/toc/ecip0717/2007018598.html
856 4 2 _3Publisher description
_uhttp://www.loc.gov/catdir/enhancements/fy0802/2007018598-d.html
856 4 2 _3Contributor biographical information
_uhttp://www.loc.gov/catdir/enhancements/fy0802/2007018598-b.html
942 _2ddc
_cBB
999 _c10893
_d10893